Top 10 des films québécois en terme d'assistance - Statistiques

Statistiques générales
  • Ce quiz a été pris 518 fois
  • Le résultat moyen est 4 sur 10
Statistiques - réponses
Hint Réponse % Correct
2 2006 Bon cop, bad cop
80%
5 1997 Les Boys
57%
3 2009 De père en flic
50%
9 2005 C.R.A.Z.Y.
47%
7 2003 Les invasions barbares
43%
4 2003 La grande séduction
39%
6 1998 Les Boys 2
37%
1 2002 Séraphin : Un homme et son péché
35%
8 2001 Les boys 3
34%
10 2004 Ma vie en cinémascope
4%
Aucun quiz correspondant
Distribution des résultats
% des personnes avec chaque résultat
Percentile par nombre de réponses
Votre historique - résultats
Vous n’avez pas pris ce quiz